Top 20 Richest Football Clubs In The World - Statistics

General Stats
  • This quiz has been taken 1,253 times
  • The average score is 17 of 20
Answer Stats
Hint Answer % Correct
2 Spain FC Barcelona
99%
3 England Manchester United
99%
1 Spain Real Madrid
99%
7 England Manchester City
98%
6 England Chelsea
96%
8 Italy AC Milan
95%
5 England Arsenal
94%
9 Italy Juventus
94%
14 Italy Internazionale
92%
10 England Liverpool
92%
11 Germany Borussia Dortmund
91%
15 France Paris Saint-Germain
89%
4 Germany Bayern Munich
88%
13 England Tottenham Hotspur
83%
20 Italy Napoli
72%
19 Italy Roma
72%
16 Turkey Galatasaray
68%
17 Spain Atletico Madrid
65%
12 Germany Schalke 04
48%
18 Germany Hamburg
28%
No matching quizzes found
Score Distribution
Percent of People with Each Score
Percentile by Number Answered
Your Score History
You have not taken this quiz